000 00952nam a2200253 a 4500
001 BRCA_7303
005 20190320205803.0
008 260412s2012----mx-a######---#000-0#spa-#
020 _a9786076051085
041 _aspaeng
044 _amx
050 4 _aND661
_b.A78 2012
245 1 0 _aArte flamenco
_bdel siglo XVII : Colección del Museo Real de Bellas Artes de Amberes.
260 _a[México]
_bBozarbooks
_c2012
300 _a226 p.
_bil. (algunas a color)
_c30 cm.
500 _aIncluye lista de obras
500 _aCatálogo de la exposición realizada en el Museo Nacional de Arte (Ciudad de México), 1 marzo - 27 mayo, 2012
500 _aIncluye piezas de la colección Franz Mayer: p. 211
546 _aTexto en : español e inglés
610 2 4 _aMuseo Real de Bellas Artes de Amberes
_vColecciones de arte
_918064
650 1 4 _aPintura flamenca
_vCatálogos
_ySiglo XVII
_918065
650 1 4 _aArte
_ySiglo XVII
_918066
942 _2lcc
_cB
999 _c6979
_d6979